Les demi-dieux meurent aussi / (Record no. 184982)

MARC details
000 -LEADER
campo de control de longitud fija 00882nam a2200265 i 4500
001 - NÚMERO DE CONTROL
campo de control 184982
003 - IDENTIFICADOR DE NÚMERO DE CONTROL
campo de control ES-MaACL
005 - FECHA Y HORA DE LA ÚLTIMA TRANSACCIÓN
campo de control 20250729081208.0
008 - DATOS DE LONGITUD FIJA--INFORMACIÓN GENERAL
campo de control de longitud fija 160302s1977 fr |||| | fre d
020 ## - NÚMERO INTERNACIONAL ESTÁNDAR DEL LIBRO
Número Internacional Estándar del Libro 2-213-00467-6
080 ## - NÚMERO DE LA CLASIFICACIÓN DECIMAL UNIVERSAL
Número de la Clasificación Decimal Universal 001(4)"19"
100 1# - ENTRADA PRINCIPAL--NOMBRE DE PERSONA
Nombre de persona Fabre-Luce, Alfred.
9 (RLIN) 48543
245 14 - MENCIÓN DEL TÍTULO
Título Les demi-dieux meurent aussi /
Mención de responsabilidad, etc. Alfred Fabre-Luce.
246 30 - FORMA VARIANTE DEL TITULO
Texto de visualización Subtít. de cub.
Título propio/Titulo breve De Darwin a Marx et a Freud
260 ## - PUBLICACIÓN, DISTRIBUCIÓN, ETC.
Lugar de publicación, distribución, etc. [Paris] :
Nombre del editor, distribuidor, etc. Fayard,
Fecha de publicación, distribución, etc. [1977]
300 ## - DESCRIPCIÓN FÍSICA
Extensión III, 290 p. ;
Dimensiones 22 cm.
504 ## - NOTA DE BIBLIOGRAFÍA, ETC.
Nota de bibliografía, etc. Bibliografía: p. [285]-290.
600 14 - PUNTO DE ACCESO ADICIONAL DE MATERIA--NOMBRE DE PERSONA
Nombre de persona Darwin, Charles,
Fechas asociadas al nombre 1809-1882
9 (RLIN) 42770
600 14 - PUNTO DE ACCESO ADICIONAL DE MATERIA--NOMBRE DE PERSONA
Nombre de persona Marx, Karl,
Fechas asociadas al nombre 1818-1883
9 (RLIN) 78590
600 14 - PUNTO DE ACCESO ADICIONAL DE MATERIA--NOMBRE DE PERSONA
Nombre de persona Freud, Sigmund,
Fechas asociadas al nombre 1856-1939
9 (RLIN) 52547
650 ## - PUNTO DE ACCESO ADICIONAL DE MATERIA--TÉRMINO DE MATERIA
Término de materia o nombre geográfico como elemento de entrada Política y cultura.
9 (RLIN) 150133
651 #4 - PUNTO DE ACCESO ADICIONAL DE MATERIA--NOMBRE GEOGRÁFICO
Nombre geográfico Europa-
Subdivisión general Vida intelectual-
Subdivisión cronológica S.XX.
9 (RLIN) 158924
852 ## - LOCALIZACIÓN
Ubicación ES-MaACL
Número de control de estantería L-30236
Nota libre . - Donat. Carmen Zumárraga
Holdings
Estatus retirado Estado de pérdida Estado de daño No para préstamo Biblioteca de origen Biblioteca actual Ubicación en estantería Fecha de adquisición Fuente de adquisición Total de préstamos Signatura topográfica completa Código de barras Visto por última vez Precio de reemplazo Tipo de ítem Koha
        Biblioteca del Ateneo de Madrid Biblioteca del Ateneo de Madrid Depósito 2 02/03/2016     L-30236 1194841 23/02/2023 23/02/2023 Libro impreso